MARC

LEADER 00000nam0a2200000 4500
001 259427
005 20231101233403.0
035 |a (RuTPU)RU\TPU\book\282369 
090 |a 259427 
100 |a 20140508d1967 k y0rusy50 ca 
101 0 |a rus 
102 |a RU 
105 |a a z 001zy 
200 1 |a Электромагнитная структура ядер и нуклонов  |f В. К. Федянин 
210 |a Москва  |c Высшая школа  |d 1967 
215 |a 174 с.  |c ил. 
320 |a Библиогр.: с. 169-171. 
606 1 |a Ядерная физика  |2 stltpush  |3 (RuTPU)RU\TPU\subj\21560  |9 46524 
610 1 |a электрические заряды 
610 1 |a ядерный заряд 
610 1 |a ядра 
610 1 |a распределение 
610 1 |a электромагнитные размеры 
610 1 |a ядерные размеры 
610 1 |a нуклоны 
610 1 |a электромагнитная структура 
610 1 |a формфакторы 
675 |a 539.14  |v 3 
700 1 |a Федянин  |b В. К.  |g Владимир Константинович 
801 1 |a RU  |b 63413507  |c 20140508 
801 2 |a RU  |b 63413507  |c 20200828  |g RCR 
942 |c BK